000 00980nam0a2200277 4500
001 RU\NLR\ONL1\14487
005 20260406072236.0
010 _a978-5-91669-012-5
_9715
035 _a(NLR Aleph) 009643228
090 _a9554927
_c9554927
100 _a20090611d2008 |||y0rusy50 ca
101 0 _akom
102 _aRU
105 _aa |||||||||
200 1 _aЙорын да ворын
_eкывбуръяс
_fВасилий Лодыгин
_g[серп. В. А. Клейманлон]
210 _aСыктывкар
_cАнбур
_d2008
215 _a93,[1] c.
_cил.
_d20
541 1 _aВ огороде и в лесу
_zrus
686 1 _aШ9(2)6=Ко-5
700 1 _4070
_8rus
_7ca
_cкоми писатель
_aЛодыгин
_bВ. Г.
_f1947-
_gВасилий Григорьевич
_3RU\NLR\auth-onl\7754
_9130114
702 1 _aКлейман
_bВ. А.
_4440
801 0 _aRU
_bNLR
_c20090611
_gPSBO
852 _aNLR
_bОНЛ
_jКоми-з./2-1846
942 _cBOOK
980 _aNB